[Event "Reykjavik Olafsson"]
[Site "Reykjavik"]
[Date "1995.??.??"]
[Round "8"]
[White "Stefansson, Hannes"]
[Black "Gretarsson, Helgi Ass"]
[Result "1-0"]
[WhiteElo "2520"]
[BlackElo "2440"]
[Annotator "Ftacnik,L"]
[PlyCount "97"]
[EventDate "1995.09.??"]
[EventType "tourn"]
[EventRounds "11"]
[EventCountry "ISL"]
[EventCategory "11"]
[SourceTitle "CBM 049"]
[Source "ChessBase"]
[SourceDate "1995.12.01"]
[SourceVersion "1"]
[SourceVersionDate "1995.12.01"]
[SourceQuality "1"]

1. e4 e5 2. Nf3 Nc6 3. Bb5 a6 4. Ba4 Nf6 5. O-O Nxe4 6. d4 b5 7. Bb3 d5 8. dxe5
Be6 9. Be3 Be7 10. c3 O-O 11. Nbd2 Qd7 12. Re1 Rad8 13. Bc2 f5 14. exf6 Nxf6
15. Qb1 (15. Ng5 Bf5 16. Bxf5 (16. Bf4 Bc5 17. Nb3 Bxf2+ 18. Kxf2 Bxc2 19. Qxc2
Ne4+ 20. Nxe4 Rxf4+ 21. Kg1 dxe4 22. Rxe4 Qf5 23. Re2 Qxc2 {1/2-1/2 Khalifman,
A-Hjartarson,J/Luzern WchT (RUS-ISD) (3) 1993}) 16... Qxf5 $10) (15. Nb3 Bg4
16. Bc5 Bd6 17. h3 Bh5 18. Qd3 Bg6 19. Qd2 Bxc2 20. Qxc2 Ne4 21. Bxd6 Qxd6 22.
Nbd2 Nxd2 23. Qxd2 d4 {1/2-1/2 Khalifman,A-Huebner,R/Manila izt (05) 1990 (30)}
) 15... Kh8 (15... h6 16. Nh4 Ne5 17. Nb3 Nfg4 18. Nc5 Qc8 19. Nxe6 Qxe6 20.
Bh7+ Kh8 21. Bf5 $2 (21. Bg5 $1 Bc5 $5 22. Ng6+ Qxg6 23. Bxg6 Bxf2+ 24. Kh1
Bxe1 25. Qxe1 Nf2+ $3 26. Kg1 Nh3+ 27. Kh1 $10) 21... Qf7 22. Ng6+ Nxg6 23.
Bxg4 Ne5 24. Be2 $6 c5 25. Rd1 Nc6 26. Rf1 d4 27. cxd4 cxd4 28. Bc1 $8 Nb4 29.
Bd3 Nxd3 30. Qxd3 Qc4 {Georgiev,Ki-Ivanchuk,V/Manila olm/1992/0.5 (58)}) 16.
Bd4 (16. Ng5 Ng4 $5 (16... Bg8 $6 17. Bf5 Qd6 18. Ndf3 $16)) 16... Bd6 17. Bxf6
(17. Ng5 Nxd4 18. cxd4 Bg4 19. h3 Bb4 $1) 17... Rxf6 (17... gxf6 18. Bxh7 $1
$16) 18. Ng5 (18. Bxh7 Bg4 $5 19. Bd3 (19. Ng5 Rdf8 20. f3 Rh6 21. Nf1 Bxf3 22.
Nxf3 Rxh7 $14) 19... Bxf3 20. Nxf3 Rxf3 21. gxf3 Qh3 $13) 18... Bf5 19. Bxf5
Qxf5 (19... Rxf5 $2 20. Ne6 Rh5 21. Nxd8 Bxh2+ 22. Kf1 Nxd8 $14) 20. Qxf5 Rxf5
21. Ne6 Rc8 (21... Rd7 22. Nb3 $14) 22. Nb3 Ne5 (22... Rf6 23. Rad1 (23. Nbc5
Re8 24. Nd4 $10) 23... Ne5 24. Nbc5 Re8 25. b4 c6 $10) 23. Nbc5 Rf6 (23... c6
24. f4 Nc4 $10) 24. f4 Nc4 $6 (24... Ng6 25. g3 Re8 26. b4) 25. b3 Bxc5+ (25...
Na3 26. Nd7 Rg6 27. Rad1 $14) 26. Nxc5 Rc6 27. b4 $1 a5 28. Re7 axb4 29. cxb4
Rd6 (29... Rf6 30. g3 $14) 30. Rd1 d4 $2 (30... c6 31. g3 Ra8 $132) 31. Re4 Kg8
(31... Ra8 32. Ne6 (32. Rdxd4 $6 Nd2) 32... c6 33. Rdxd4 Rxd4 (33... Rxa2 34.
Ng5 $18) 34. Rxd4 $16) 32. Rexd4 Ra8 33. Ne4 $1 Rxd4 (33... Re6 34. g3 $16) 34.
Rxd4 Rxa2 35. Rd8+ Kf7 36. Rd7+ Kg6 (36... Kf8 37. Nc5 $16) 37. g4 $1 Ne3 (
37... Kh6 38. Rxc7 Ne3 39. Rc6+ g6 40. Nf6 Kg7 41. g5 $16) 38. f5+ Kh6 39. h3
Rg2+ (39... Rc2 40. Re7 Rc4 41. Re6+ g6 42. f6 $18) 40. Kh1 Ra2 41. Rxc7 Ra4
42. Rc6+ g6 43. f6 g5 (43... Rxb4 44. g5+ Kh5 45. f7 $18) 44. f7+ Kg7 45. Nxg5
(45. Rf6 Ra8 46. Rf3 Nd5 47. Nxg5 $18) 45... h6 (45... Ra8 46. Rc7 Nd5 47. Rb7
$18) 46. Rc8 Ra1+ 47. Kh2 Ra2+ 48. Kg1 (48. Kg3 Nf1+ 49. Kf3 Nd2+ 50. Ke3 $18)
48... Rg2+ 49. Kh1 1-0

[Event "Poikovsky Karpov 08th"]
[Site "Poikovsky"]
[Date "2007.03.19"]
[Round "5"]
[White "Jakovenko, Dmitrij"]
[Black "Sutovsky, Emil"]
[Result "1-0"]
[WhiteElo "2691"]
[BlackElo "2629"]
[Annotator "Ftacnik,L"]
[PlyCount "85"]
[EventDate "2007.03.15"]
[EventType "tourn"]
[EventRounds "9"]
[EventCountry "RUS"]
[EventCategory "17"]
[SourceTitle "CBM 117"]
[Source "ChessBase"]
[SourceDate "2007.03.30"]
[SourceVersion "1"]
[SourceVersionDate "2007.03.30"]
[SourceQuality "1"]

1. e4 e5 2. Nf3 Nc6 3. Bb5 a6 4. Ba4 Nf6 5. O-O Nxe4 6. d4 b5 7. Bb3 d5 8. dxe5
Be6 9. Be3 Be7 10. c3 O-O 11. Nbd2 Qd7 12. Re1 Nxd2 13. Qxd2 Na5 14. Bg5 {
[%mdl 4] This rather peaceful line for white is not without venom as he can
try to benefit from kingside attack chances.} (14. Bc2 Nc4 15. Qd3 g6 16. Qd4 (
16. Bh6 Nxb2 17. Qd4 Rfe8 18. Ng5 Nc4 19. Rad1 Na3 20. Bd3 c5 21. Qf4 Qc6 {
1/2 Gligoric,S (2575)-Unzicker,W/Tel Aviv 1964/ (84)}) (16. b3 Bf5 17. Qd1 Nxe3
18. Rxe3 Bg4 19. h3 Be6 20. Qd2 c5 21. Rd1 a5 22. Re2 Rad8 {0-1 Zhang Zhong 
(2598)-Sokolov,I (2696)/Khanty Mansiysk 2005/ (51)}) 16... Nxe3 17. Qxe3 Rfd8
18. Rad1 Qe8 19. Qf4 Rd7 20. g4 c5 21. h4 Rad8 22. g5 Qf8 23. Nh2 d4 24. cxd4
Rxd4 25. Rxd4 Rxd4 {0-1 Guerra,M-De Castro Rubio,D/Sao Paulo 1960/ (55)}) 14...
c5 (14... Bxg5 15. Qxg5 Nxb3 16. axb3 Bg4 17. Nh4 h6 18. Qe3 g5 19. Nf3 Bxf3
20. Qxf3 Rfe8 21. Qe3 Qf5 22. Qd4 c6 {1/2 Inarkiev,E (2597)-L'Ami,E (2550)/
Kusadasi 2006/ (54)}) 15. Bc2 Nc4 16. Qd3 (16. Qf4 Rfe8 17. Bf6 Qd8 18. b3 Na3
19. Bxe7 Qxe7 20. Bf5 Bxf5 21. Qxf5 Qe6 22. Qd3 a5 23. Rad1 Rad8 {1/2 Kamsky,G
(2671)-Carlsen,M (2646)/Turin 2006/ (31)}) 16... g6 17. b3 Na3 {Unfortunatelly
for Sutovsky obtaining equality is not so easy in this position. The dark
sqaures on the kingside are vulnerable.} (17... Bf5 $5 18. Qe2 $1 (18. Qd1 Bxc2
19. Qxc2 Bxg5 20. Nxg5 (20. bxc4 Be7 21. cxd5 Qxd5 $11) 20... Nxe5 21. Rxe5 f6
22. Nxh7 Kxh7 23. Re2 Rae8 $11) 18... Bxc2 19. bxc4 Be4 20. Bxe7 Qxe7 21. Nd2
$14) 18. Bd1 a5 19. Rc1 Rfe8 20. Qd2 $1 b4 $6 {This move might be the reason
for black's suffering, more cautious 20...a4!? seems to have been a better bet.
} (20... a4 $5 21. Bxe7 Qxe7 22. bxa4 bxa4 $11) 21. Bxe7 Qxe7 (21... bxc3 $2
22. Qh6 Qxe7 23. Ng5 $18) 22. cxb4 (22. Qh6 Qf8 23. Qxf8+ Rxf8 24. cxb4 cxb4
25. Nd4 Rfc8 26. Bf3 Rc3 27. Ne2 $14) 22... axb4 (22... cxb4 23. Nd4 $16) 23.
Qh6 Bf5 24. Be2 {The tricky computer programms can reveal the subtle way
forward for white. The rook should have gotten the preference on e2 square.} (
24. Re2 $5 f6 25. exf6 Qxf6 26. Rxc5 Rxe2 27. Bxe2 Qe7 28. Ng5 Nb1 $5 29. h3
Nc3 30. Bf3 Rxa2 31. Bxd5+ Nxd5 32. Rxd5 $16) 24... Qf8 (24... f6 25. Qd2 $1 (
25. exf6 Qxf6 26. Rxc5 Nc2 27. Rc7 Qh8 $1 28. Rxc2 Bxc2 29. Qd2 Qc3 30. Qxd5+
Kh8 31. Bf1 $11) 25... fxe5 26. Qxd5+ Kg7 27. Bf1 $16) 25. Qxf8+ Kxf8 26. Rxc5
Nc2 27. Rc1 Rxa2 28. Bd1 Rea8 (28... Na3 29. Rxd5 $16) 29. Bxc2 $1 {Excellent
decision, that will assure white of pleasant pull in the endgame.} (29. Rxd5 $2
Ra1 $11) 29... Rxc2 (29... Bxc2 30. Nd4 Bd3 31. f3 $16) 30. R5xc2 Bxc2 31. Nd4
Bf5 32. f3 Ra2 $6 {Sutovsky was not in a position to go so directly after
activity. Better defense 32...Re8! was unappetizingas it would mean lasting
suffering.} (32... Re8 $1 33. g4 Bd3 34. Rd1 Ba6 35. Re1 $14) 33. Rc5 Ra1+ (
33... Be6 34. Rb5 $16) 34. Kf2 Ra2+ 35. Kg3 Bd3 (35... Rd2 36. Rxd5 $16) 36. h4
Bf1 37. Rc2 $1 {The rook can defend and at the same time occupy active
location!} Ra3 (37... Rxc2 38. Nxc2 Be2 39. Kf2 Bb5 (39... Bd1 $2 40. Nd4 $18)
40. Ke3 $16) 38. Rc8+ Kg7 (38... Ke7 39. Rc1 Bd3 40. Rc7+ Kf8 41. Kf4 $16) 39.
Rc7 Kg8 40. h5 $1 {The model picture, black pieces are displaced on blind spot
and white forces are unified in the hunt on the black king.} gxh5 (40... Ra2
41. h6 Rxg2+ 42. Kf4 Kf8 43. e6 fxe6 44. Nxe6+ Ke8 45. Ke5 $18) 41. Rc8+ Kg7
42. Nf5+ Kg6 43. Ne7+ (43. Ne7+ Kh6 44. Rc6+ f6 45. Rxf6+ Kg7 46. Nf5+ Kg8 47.
e6 $18) (43. Kf4 $1 f6 44. e6 $18) 1-0

[Event "RUS-chT 14th"]
[Site "Sochi"]
[Date "2007.05.05"]
[Round "4"]
[White "Smirnov, Pavel"]
[Black "Vokarev, Sergey"]
[Result "1-0"]
[WhiteElo "2631"]
[BlackElo "2475"]
[Annotator "Ftacnik,L"]
[PlyCount "47"]
[EventDate "2007.05.02"]
[EventType "team-tourn"]
[EventRounds "9"]
[EventCountry "RUS"]
[SourceTitle "EXT 2020"]
[Source "ChessBase"]
[SourceDate "2019.10.17"]
[SourceVersion "1"]
[SourceVersionDate "2019.10.17"]
[SourceQuality "1"]
[WhiteTeam "Tomsk 400"]
[BlackTeam "Nizhny Tagil Politekhnik"]
[WhiteTeamCountry "RUS"]
[BlackTeamCountry "RUS"]

1. e4 e5 2. Nf3 Nc6 3. Bb5 a6 4. Ba4 Nf6 5. O-O Nxe4 6. d4 b5 7. Bb3 d5 8. dxe5
Be6 9. c3 Be7 10. Re1 O-O 11. Nd4 Nxe5 $5 {Black plays with a flair in an
attempt to prove, that White's concept of 11.Nd4 is dubious. The whole
Smirnov's queenside sits at home and black pieces will be very active.} (11...
Nxd4 12. cxd4 Bb4 (12... h6 13. f3 Ng5 14. Nc3 c5 15. Bxg5 (15. f4 cxd4 16. Ne2
d3 17. Qxd3 Bc5+ 18. Nd4 Bf5 19. Qxf5 Ne6 20. Be3 Nxd4 21. Qd3 Nxb3 22. axb3
$14 {1/2 Huebner,R (2615)-Piket,J (2615)/Dortmund 1992/ (40)}) 15... hxg5 16.
dxc5 Bxc5+ 17. Kh1 d4 18. Ne4 Bb4 19. Rf1 Re8 20. f4 Be7 21. Bxe6 fxe6 22. Qg4
Qd5 23. fxg5 Rf8 24. Nf6+ {1-0 Gashimov,V (2659)-Agdestein,S (2594)/Turin 2006/
(41)}) 13. Re2 c5 14. f3 cxd4 15. fxe4 Bg4 16. h3 Bxe2 17. Qxe2 Rc8 18. Bd2 d3
19. Qe1 Bc5+ 20. Kh1 Bd4 21. Nc3 Bxe5 22. Nxd5 Bxb2 23. Rd1 {1-0 Grischuk,A 
(2719)-Sutovsky,E (2628)/Sochi 2006/ (37)}) 12. f3 Bd6 (12... Bh4 13. Re2 Nf2
14. Rxf2 Bxf2+ 15. Kxf2 $16) 13. fxe4 Bg4 14. Qd2 Qh4 15. h3 Bxh3 $6 $146 {
[%mdl 4] It is impossible to guess what both players knew about the hidden
ideas in this known position. The sacrifice of the second piece is extremely
risky for Black.} (15... c5 16. Qf2 (16. hxg4 cxd4 17. Qf2 Qxg4 (17... Qxf2+
18. Kxf2 Nd3+ 19. Kf1 Nxe1 20. Kxe1 $14) 18. Bd1 Qg6 19. Qxd4 Bc7 20. Be3 dxe4
21. Nd2 $14 {0-1 Wolf,H-Tarrasch,S/Karlsbad 1923/HCL (51)}) 16... Qh5 17. Re3
dxe4 18. hxg4 Nxg4 19. Rh3 Qxh3 20. Qxf7+ Rxf7 21. Bxf7+ Kxf7 22. gxh3 cxd4 23.
hxg4 Bc5 {1/2 Teichmann,R-John,W/Breslau 1913/}) (15... Rae8 16. Bxd5 c6 (16...
c5 17. hxg4 cxd4 18. Qf2 Qxg4 19. Rf1 dxc3 20. Nxc3 Qh5 21. Bf4 Rc8 22. Qg3 $16
{1/2 Loman,R-Euwe,M/Netherlands 1925/ (43)}) 17. Nxc6 Nxc6 18. Bxc6 Bc5+ 19.
Kh2 Re6 20. Bd7 Bxh3 21. gxh3 Rg6 {0-1 Teichmann,R-John,W/Breslau 1913/}) (
15... Bd7 16. Bxd5 c6 17. Bb3 c5 18. Nf5 Bxf5 19. exf5 Nd3 20. Re3 c4 21. Bc2
Bc5 22. Bxd3 cxd3 23. Qf2 Qf6 24. Kf1 $14 {1/2 Wolf,H-Tarrasch,S/
Teplitz-Schoenau 1922/HCL (30)}) 16. gxh3 Nd3 $2 {This flashy move is just
wrong and White will have no problems to consolidate his gains.} (16... Qg3+
17. Kf1 Qxh3+ 18. Qg2 Qxg2+ 19. Kxg2 Nd3 20. Rf1 dxe4 21. Be3 Nxb2 22. Nd2 Rae8
23. a4 $18) (16... c5 $5 17. Kg2 cxd4 18. Bxd5 Rae8 19. cxd4 Re6 20. Bxe6 Nf3
$3 21. Kxf3 fxe6+ 22. Ke2 (22. Kg2 $2 Qg3+ 23. Kh1 Qxh3+ 24. Kg1 Qg3+ 25. Kh1
Rf2 $19) 22... Rf2+ 23. Kd3 Rxd2+ 24. Bxd2 $16) 17. Rf1 $1 (17. Qxd3 $2 Qxe1+
18. Qf1 Qg3+ 19. Qg2 Qe1+ $11) 17... dxe4 (17... Nxc1 18. Bxd5 Qxh3 19. Rf3 $18
) 18. Qg5 (18. Qg2 Nxc1 19. Rxc1 Bf4 20. Rf1 g6 21. Nf5 $18) 18... Qxh3 19. Qg2
Qh5 (19... Qxg2+ 20. Kxg2 Nxc1 21. Rxc1 Rae8 22. a4 $18) 20. Be3 Ne5 (20...
Rae8 21. Nd2 Re5 22. Bd1 $1 Qg6 23. Qxg6 hxg6 24. Bc2 $18) 21. Nd2 {All the
pieces are out and Vokarev has very little to show for two missing pieces.} Ng4
22. Bf4 e3 (22... Bxf4 23. Rxf4 Ne3 24. Qg3 c5 25. Qxe3 cxd4 26. cxd4 $18) 23.
Bxd6 exd2 24. Bxf7+ $1 (24. Bxf7+ Qxf7 25. Rxf7 $18) 1-0

[Event "Isle of Lewis"]
[Site "Isle of Lewis"]
[Date "1995.??.??"]
[Round "3"]
[White "Short, Nigel D"]
[Black "Motwani, Paul"]
[Result "1-0"]
[WhiteElo "2655"]
[BlackElo "2510"]
[Annotator "Hecht,H"]
[PlyCount "91"]
[EventDate "1995.??.??"]
[EventType "tourn"]
[EventRounds "6"]
[EventCountry "SCO"]
[EventCategory "14"]
[SourceTitle "CBM 049"]
[Source "ChessBase"]
[SourceDate "1995.12.01"]
[SourceVersion "1"]
[SourceVersionDate "1995.12.01"]
[SourceQuality "1"]

1. e4 e5 2. Nf3 Nc6 3. Bb5 a6 4. Ba4 Nf6 5. O-O Nxe4 6. d4 b5 7. Bb3 d5 8. dxe5
Be6 9. c3 Be7 10. Nbd2 Qd7 11. Re1 Nc5 12. Bc2 d4 13. Nb3 dxc3 14. Qxd7+ Bxd7 (
14... Nxd7 15. Be4 cxb2 16. Bxb2 Ndb8 17. Rac1 $18) 15. bxc3 Na4 16. Bd2 Nd8
17. Nbd4 g6 18. Bxa4 bxa4 19. Bg5 $1 {The exchange of the dark squared B's
helps White to attack Black's weak pawns in the ending.} Ne6 20. Bf6 Bxf6 21.
exf6 O-O-O 22. Nc2 Rhe8 23. Ne5 Nf4 24. g3 Nd5 25. Nxf7 Rxe1+ 26. Rxe1 Rf8 27.
Ne5 Rxf6 28. c4 Ne7 29. c5 Nc6 30. f4 Nxe5 31. Rxe5 Re6 32. a3 Rxe5 33. fxe5 {
N mit Mehrbauer wegen schlechter schwarzer B-Struktur; Raum} Be6 34. Nd4 Kd7
35. Kf2 Bd5 36. Ke3 Ke7 37. Kf4 h6 38. h4 Ba2 39. Ke4 Bb3 40. h5 $1 Kf7 41. e6+
Kf6 42. hxg6 Ba2 43. g7 Kxg7 44. Ke5 Bb3 45. Nf5+ Kg6 46. Nd6 {[%csl Rc7][%cal
Yd6e8]} 1-0

[Event "Dortmund"]
[Site "Dortmund"]
[Date "1992.??.??"]
[Round "2"]
[White "Huebner, Robert"]
[Black "Piket, Jeroen"]
[Result "1/2-1/2"]
[WhiteElo "2615"]
[BlackElo "2615"]
[Annotator "Huebner,R"]
[PlyCount "79"]
[EventDate "1992.04.16"]
[EventType "tourn"]
[EventRounds "9"]
[EventCountry "GER"]
[EventCategory "17"]
[SourceTitle "CBM 029"]
[Source "ChessBase"]
[SourceDate "1992.08.01"]
[SourceVersion "1"]
[SourceVersionDate "1992.08.01"]
[SourceQuality "1"]

1. e4 e5 2. Nf3 Nc6 3. Bb5 a6 4. Ba4 Nf6 5. O-O Nxe4 6. d4 Be7 7. Re1 b5 8. Bb3
(8. Rxe4 $142 {Besser} d5 (8... bxa4 9. d5) 9. Nxe5 Nxe5 10. Rxe5 bxa4 11. Nc3)
8... d5 9. dxe5 Be6 10. c3 O-O 11. Nd4 Nxd4 (11... Nxe5 $142 {Besser}) 12. cxd4
h6 13. f3 Ng5 14. Nc3 (14. Be3 Bf5 15. Nc3 c6 16. Rc1 Bh7 {/\ 17...Ne6}) 14...
c5 $8 15. f4 cxd4 16. Ne2 (16. Qxd4 Rc8 17. Qd1 (17. Qd3 d4 {/\ 18...Bc4})
17... d4 18. fxg5 dxc3 19. gxh6 Qxd1 20. Rxd1 cxb2 21. Bxb2 gxh6 $10) 16... d3
(16... Ne4 17. Nxd4 Bc5 18. Be3 Qh4 19. Qd3 {/\ 20.Nf3+/-}) 17. Qxd3 Bc5+ 18.
Nd4 (18. Be3 $2 Bf5) 18... Bf5 19. Qxf5 Ne6 20. Be3 Nxd4 (20... Bxd4 21. Qd3
$16) 21. Qd3 $6 (21. Bxd4 $142 {Besser} Bxd4+ 22. Kh1 Bxb2 23. Rad1 d4 24. Rd3
$40) 21... Nxb3 22. axb3 d4 23. Bf2 Qd5 24. h3 (24. f5 Rfe8 25. Bg3 a5 $13)
24... Rfe8 25. Kh2 $6 (25. Rec1 $142 {Besser} Bb6 26. Rc2 a5 27. Rac1 $14)
25... a5 26. Rec1 Bb6 27. Rc2 Rec8 28. Rac1 Rxc2 29. Rxc2 a4 30. bxa4 bxa4 31.
Be1 (31. Rc4 {/\ 32.Rb4} Bc5 {/\ 32...Rb8, 32...a3} 32. Bxd4 (32. Qc2 d3 $19)
32... Rd8) 31... Qb3 $10 32. Qxb3 axb3 33. Rc6 Ba5 34. Bxa5 Rxa5 35. Rb6 d3 (
35... Rd5 36. Rd6 Rxd6 $2 37. exd6 Kf8 38. Kg3 Ke8 39. Kf3 Kd7 40. Ke4 Kxd6 41.
Kxd4 $18 {>< b3}) 36. Rd6 (36. Rxb3 $2 Rd5 $19) 36... Ra2 37. Rxd3 Rxb2 38. Kg3
g5 39. f5 Re2 40. Rxb3 1/2-1/2

[Event "World Cup"]
[Site "Khanty-Mansiysk"]
[Date "2009.12.03"]
[Round "5.1"]
[White "Karjakin, Sergey"]
[Black "Mamedyarov, Shakhriyar"]
[Result "1-0"]
[WhiteElo "2723"]
[BlackElo "2719"]
[Annotator "Karjakin,S"]
[PlyCount "103"]
[EventDate "2009.11.21"]
[EventType "k.o."]
[EventRounds "7"]
[EventCountry "RUS"]
[SourceTitle "CBM 134"]
[Source "ChessBase"]
[SourceDate "2010.01.18"]
[SourceVersion "1"]
[SourceVersionDate "2010.01.18"]
[SourceQuality "1"]

{Before this game my opponent had had a brilliant perfomace 7 out of 8! And he
finished all the games in classical time control!} 1. e4 e5 2. Nf3 Nc6 3. Bb5
a6 4. Ba4 Nf6 5. O-O {In the first round Kosteniuk played 5.Qe2, so I could
only guess what Shakhiryar wanted to play in the main line.} Nxe4 {Here it is!
My opponent had not played this move for a long time. Fortunately for me
Alexander Motylev had forced me to revise these lines before the game:-).} 6.
d4 b5 7. Bb3 d5 8. dxe5 Be6 9. Nbd2 Nc5 10. c3 Be7 11. Bc2 d4 12. Nb3 d3 13.
Bb1 Nxb3 14. axb3 Bf5 15. b4 $146 ({The main line is} 15. Be3) 15... O-O 16.
Re1 Qd5 $6 {This is a usual move for this line, but in this specific position
it is a mistake. Black's queen will be under attack now.} ({Better is to play} 
16... Qd7) 17. h3 Rfd8 18. g4 $1 {Here it is! Black is in trouble already!} Be6
(18... Bg6 19. Ba2 Qd7 20. Bf4 $16 {and the threat of e5-e6 is very unpleasent.
}) 19. Re3 {Now Black is losing his d3-pawn.} h5 20. Qxd3 ({White could also
play} 20. Rxd3 Qc4 21. Qf1 {with advantage, but the text move is good enough.})
20... Qxd3 (20... g6 21. gxh5 Qb3 22. Qe4 $1 Bd5 23. Bc2 $18) 21. Bxd3 hxg4 22.
hxg4 Bd5 (22... Bxg4 23. Be4 Bd7 24. Rd3 Be8 25. Rxd8 Rxd8 26. Be3 $16) 23. Bc2
$6 {Too deep!} ({I did not want to allow the rook to go to d1, but after the
simple} 23. Be4 Bxe4 24. Rxe4 Rd1+ 25. Kg2 g6 26. Re2 {followed by Rd2 or Rc2
White has a big advantage.}) 23... Bxf3 24. Rxf3 Nxe5 25. Rh3 {Due to his two
bishops White is still much better, but the material is equal now!} g6 (25...
g5 26. Be3 {is also very unpleasent for Black.}) 26. g5 {White has many good
options.} ({Very interesting was} 26. Bf4 Nxg4 27. Bd1 f5 28. f3 g5 29. Bxc7
Rd7 30. fxg4 Rxc7 31. gxf5 {with winning chances for White.}) 26... Re8 27. Bf4
({I should have simply played} 27. Kg2 $16 {keeping all White's advantages,
but I decided that it was time for some complications.}) 27... Bf8 28. Re3 Bd6
29. Bb3 Nc4 $1 {Black is making the best moves!} 30. Bxc4 Bxf4 31. Rf3 Bh2+ $1
(31... bxc4 32. Rxf4 $16) 32. Kxh2 bxc4 33. Rf4 {When I was calculating this
position a few moves ago I thought that White was very close to winning, but
in fact it is still not easy.} Re5 34. Rxc4 Rxg5 35. Ra5 $1 (35. Rxc7 $4 Kg7 {
with mate!}) 35... Rxa5 36. bxa5 Ra7 {Due to the very passive black rook White
retains an advantage.} 37. Kg3 Kf8 38. Kf4 Ke7 39. b4 Kd7 40. Ke5 Rb7 41. Rd4+
(41. Kf6 Rb5 42. Rf4 $16 {was also very strong!}) 41... Kc8 42. Kf6 $2 {
My only real mistake in this game!} ({White should have played} 42. Rd5 {
cutting the rook off on b7:} c6 43. Rc5 Re7+ 44. Kf6 $16 {and White is very
close to winning.}) 42... Rb5 {Now Black activates his rook and is very close
to a draw.} 43. Rf4 Rd5 44. Kxf7 g5 45. Rf6 Rd3 $1 {Here I realised that I had
spoiled my position and decided to try a chance of playing for mate!} ({
For some reason I calculated only} 45... Kb7 46. f3 Rd3 47. Kg6 Rxc3 48. Kxg5
$16 {and White has exellent winning chances!}) 46. c4 $5 (46. Kg6 g4 47. Kf5 g3
48. fxg3 Rxg3 {The computer says +1, but for a human it is clear, that Black
should hold without problems.}) 46... Rd4 47. c5 Rxb4 48. c6 {This was my
idea! The material is equal now, but over the board it is hard to understand
for Black what to do. In the coming moves we both made mistakes, but it is
easy to see all with a computer and difficult to understand over the board
what is going on!} Kd8 $2 ({Black should have played immediately} 48... Rb2 {
but it was not easy to realise it over the board.}) 49. Rf5 $2 ({Immediately
winning was} 49. f3 {with the idea Ke6!}) 49... Rb2 $2 {Black blundering and
misses a nice trick.} (49... g4 50. Rd5+ Kc8 51. Rg5 Kb8 52. Rg8+ Ka7 53. Ke7
Rd4 54. Rd8 Rf4 55. Kd7 Rxf2 56. Rg8 {Black should hold it, but some accurate
play is still required.}) 50. f4 $1 {Suddenly Black can't take the pawn in
view of mate!} Rf2 (50... gxf4 51. Re5) 51. Rd5+ Kc8 52. Ke7 {Black resigned!
Although we made a few mistakes in the game I think that the game was
interesting and the level of tension was very high!} 1-0